10 Words, 20 Definitions XIX Quiz Stats

 Plays Quiz Updated Aug 13, 2019

Score 0/20 Timer 03:00
4 Plays Today
% Correct
Fail
95.3%
Tear
94.8%
Fear
94.8%
Sire
94.5%
Tear
94.2%
Cell
93.9%
Nail
93.8%
Case
93.3%
Nail
92.7%
Sire
91.3%
% Correct
Base
90.8%
Wire
89.7%
Tell
89.6%
Fail
89%
Wire
88.6%
Tell
86.7%
Base
85.3%
Cell
85%
Fear
83.4%
Case
66%

You're not logged in!

Compare scores with friends on all Sporcle quizzes.
OR
Log In

Sporcle TV

Today on Sporcle TV


Watch our educational content, quiz creation guides, and fun videos on Sporcle TV.

Show Comments

Extras

Top Quizzes Today


Score Distribution

Your Account Isn't Verified!

In order to create a playlist on Sporcle, you need to verify the email address you used during registration. Go to your Sporcle Settings to finish the process.

Report this User

Report this user for behavior that violates our Community Guidelines.

Details: